00613nam a2200217 4500003001100000005001700011008004100028020001500069040003900084041000800123082001300131100001700144245003300161260003400194300002000228650002000248650001800268942000700286952008700293999001500380LK-CoMWRAF20230906113909.0230906b1974 |||||||| |||| 00| 0 eng d a0720604435 aLK-CoMWRAFdLK-CoMWRAFeLK-CoMWRAF aeng a823bMOO aMoody, Anne  aComing of age in Mississippi aLondon : bPeter Owen, c1974 a348 p. ; 22 cm. aEnglish Fiction aAutobiography cBK 00104070aMAINbMAINd2023-09-06l0o823 MOOpRAF861r2023-09-06w2023-09-06yBK c3426d3426